000 00923nam a2200253 a 4500
001 000022314
003 DO-SdBNP
005 20250204073952.0
008 100927s2003 dr ac 000 0bspa d
020 _a9993403504
040 _aDO-SdBNP
_bspa
_cBNPHU
082 4 _a928.61
_bL453M
_222
100 1 _aMartínez, Carlos T.,
_d1945-
_929205
245 1 0 _aVida y obra de Don Mariano Lebrón Saviñón /
_cCarlos T. Martínez ; prólogo Juan Daniel Balcácer.
260 _aSanto Domingo :
_bCentenario,
_c2003.
300 _a303 p. :
_bil., retr. ;
_c24 cm.
500 _aIncluye datos biográficos del autor en las solapas
600 1 0 _aLebrón Saviñon, Mariano
_d1922-2014
_xCrítica e interpretación
_97227
650 4 _aAutores dominicanos
_ySIGLO XX
_918834
650 4 _aDiscursos
_96584
700 1 2 _aBalcácer, Juan Daniel,
_d1949-
_epról.
_96566
910 _aValidado. Control de calidad MFF
942 _2ddc
_cLBS1
999 _c21812
_d21812